00310pab a2200121 454500008004000000100002000040245006000060260000900120300001300129362000800142650002200150773001600172180718b2011 xxu||||| |||| 00| 0 eng d aTiwary, Atul K. aLab to land initiative - reaching out to rural populace c2011 ap.31-34. aJul aRural development aKurukshetra